000 01048nam a2200241 a 4500
001 48439
003 BD-RjUL
005 20211209054526.0
008 160814s2000 ii ||||| |||| 00| 0 ben d
020 _a8186946306
_c: IRs.100.00
035 _a(BD-RjUL)48558
040 _aBD-RjUL
_bben
_cBD-RjUL
_dBD-RjUL
041 _aben
082 _223
_a891.44
_bPRE 2000
245 0 1 _aপ্রেমেন্দ্র মিত্র ও আধুনিক বাংলা সাহিত্য /
_cসম্পাদনা তরুণ মুখোপাধ্যায় ও শীতল চৌধুরী
260 _aকলকাতা :
_bসাহিত্যলোক,
_c২০০০.
300 _a১৮৮ পৃ. ;
_c২৫ সেমি.
650 _aবাংলা সাহিত্য
_9146504
650 _aBengali literature
_9146505
700 _aমুখোপাধ্যায়, তরুণ সম্পাদনা
_9146506
700 _aচৌধুরী, শীতল সম্পাদনা
_9146507
942 _2ddc
_cBK
999 _c48439
_d48439